| 000 | 01008nam a2200265 a 4500 | ||
|---|---|---|---|
| 999 |
_c2185 _d2185 |
||
| 008 | 200218s2019 ii ad||| m|||a00| 0 eng d | ||
| 040 |
_aKO _beng |
||
| 041 | 0 | _aeng | |
| 044 | _aii | ||
| 082 | 0 | 4 |
_223 _a378.242 _bPRM1717 |
| 100 | 1 |
_aS., Mahalakshmi _eResearcher |
|
| 245 | 1 | 0 |
_aComparative Analysis on the Port Performance Indicators of Deendayal Port and Visakhapatnam Port : _bProject Report / _cMahalakshmi S. ; Guide Dr. Yogamala H. L. |
| 260 |
_aKochi : _bIndian Maritime University, _c2019 |
||
| 300 |
_a70 p. : _bill., charts ; _c29 cm. |
||
| 490 | 0 |
_aMBA Project 2017-19 ; _v1705305017 |
|
| 502 | _aProject (MBA)–Indian Maritime University. School of Maritime Management, 2019. | ||
| 650 | 0 | _aPort au Port Peninsula (N.L.) | |
| 650 | 0 | _aHarbors | |
| 655 | 7 |
_2lcsh _aDissertations, Academic _y2019 |
|
| 700 | 1 |
_aH. L., Yogamala _cDr. _eGuide |
|
| 856 | _uhttps://drive.google.com/file/d/1tLEjqfI970m9G35V7jT02UTxBV5xuX38/view?usp=sharing | ||
| 904 | _aReshma_R | ||
| 942 | _cTH | ||